Statistics for Star Trek: Voyager characters

Click here to take the quiz!

General Stats

  • This quiz has been taken 33 times
    (29 since last reset)
  • The average score is 13 of 17

Answer Stats

Hint Answer % Correct
1. the CaptainKathryn Janeway
95%
5. Holographic character that becomes a permanent crew memberThe Doctor
95%
8. Talaxian who becomes Voyager's chefNeelix
95%
9. Borg drone who joins the crew after being separated from the CollectiveSeven of Nine
95%
4. former Starfleet officer recruited out of prison to join the crewTom Paris
90%
6. Vulcan security officerTuvok
90%
7. youthful operations officer who becomes close friends with #4Harry Kim
90%
3. half-Klingon chief engineerB'Elanna Torres
90%
10. Ocampa who joined the crew when she was two years oldKes
90%
2. Maquis leader who becomes second in commandChakotay
86%
11. Being created during a transporter accident that merged #6 and #8 into one personTuvix
81%
15. Bajoran crew member who turned out to be a Cardassian in disguiseSeska
76%
13. Former Enterprise officer who establishes communication between Voyager and the Alpha QuadrantReginald Barclay
71%
17. Half-human, half-Ktarian child born and raised on VoyagerNaomi Wildman
71%
16. Vulcan crew member who tries to mate with #3 during his pon farrVorik
33%
14. Renegade member of the Q Continuum that asks for asylum aboard VoyagerQuinn
24%
12. Maquis who was #2's right hand man, but became a background member of Voyager's crewAyala
10%

Score Distribution

Percentile by Number Answered

Percent of People with Each Score

Your Score History

You have not taken this quiz since the last reset